000 00643nam a2200241Ia 4500
003 OSt
005 20220924123005.0
006 a|||||r|||| 00| 0
007 ta
008 220923b |||||||| |||| 00| 0 pan d
024 _a43433
037 _cTextual
040 _aARTS
_cARTS
_bpan
041 _2pan
_apan
082 _aO153,3N08,L, J9 (EPP)
100 _aSant Singh Sekhon
_964174
245 0 _aLahu mitti
250 _a3rd
260 _aLudhiana
_bLahore Bookshop
_c1959
650 _aENGLISH LITERATURE
942 _hO153,3N08,L, J9 (EPP)
_cTEXL
_2CC
999 _c413878
_d413878